000 00867nam a2200265Ia 4500
003 OSt
005 20220930094524.0
006 a|||||r|||| 00| 0
007 ta
008 220926b |||||||| |||| 00| 0 eng d
024 _a72116
037 _cTheses
040 _aCRL
_cCRL
_beng
041 _2eng
_aeng
100 _aSharda Sakshi Au.
_9555771
110 _aUniversity of Delhi. Faculty of Science. Department of Home Science
245 0 _aNegotiating self in everday lives
_b Aspirations of rural and urban Adolescent girls
260 _c2019
300 _a204p.
_ap.
_ccm.
700 _a Chaudhary Nandita Gu.
_9544756
700 _a Tuli Mila Gu.
_9555772
700 _aUniversity of Delhi. Faculty of Science. Department of Home Science
942 _cDIS
_2CC
999 _c887250
_d887250